George Berkeley : a study of his life and philosophy.

Bibliographic Details
Main Author: Wild, John Daniel, 1902-1972
Format: Book
Language:English
Published: New York : Russell & Russell, 1962
Subjects:

MARC

Tag First Indicator Second Indicator Subfields
LEADER 00000cam a22000001 4500
001 in00000061569
005 20151007082844.0
008 720107c19621936nyu b 00000beng
010 |a  61013938  
019 |a 710756 
035 |a (OCoLC)00371399 
035 |9 AAF8498AM 
040 |a DLC  |c DLC  |d TXA  |d UtOrBLW 
049 |a TXAM  |c [345454] 
050 0 0 |a B1347  |b .W5 1962 
082 0 |a 192 
092 |a 192.3  |b B5123w 
100 1 |a Wild, John Daniel,  |d 1902-1972. 
245 1 0 |a George Berkeley :  |b a study of his life and philosophy. 
264 1 |a New York :  |b Russell & Russell,  |c 1962 
264 4 |c [©1936] 
300 |a ix, 552 pages ;  |c 22 cm. 
336 |a text  |b txt  |2 rdacontent 
337 |a unmediated  |b n  |2 rdamedia 
338 |a volume  |b nc  |2 rdacarrier 
504 |a Bibliography: pages [531]-546. 
600 1 0 |a Berkeley, George,  |d 1685-1753. 
999 |a MARS 
999 f f |s f43ad530-425d-3711-b2ca-f35d34f13b33  |i 78d70b9c-6de2-379e-9ae2-55280a12ced8  |t 0 
952 f f |p ric  |a Texas A&M University  |b Rellis Campus  |c Joint Library Facility  |d Remote Storage  |t 0  |e B1347 .W5 1962  |h Library of Congress classification  |i unmediated -- volume  |m A14800542897 
998 f f |a B1347 .W5 1962  |t 0  |l Remote Storage